[Event "Agadir zt 4.1 (Women)"]
[Site "Agadir"]
[Date "2016.05.29"]
[Round "8"]
[White "Bahji, Hind"]
[Black "Aattar, Ikram"]
[Result "1-0"]
[WhiteElo "2069"]
[BlackElo "1345"]
[PlyCount "111"]
[EventDate "2016.05.24"]
[EventType "swiss"]
[EventRounds "9"]
[EventCountry "MAR"]
[SourceTitle "CBM 172 Extra"]
[Source "ChessBase"]
[SourceDate "2016.06.21"]
[SourceVersion "1"]
[SourceVersionDate "2016.06.21"]
[SourceQuality "1"]

1. d4 c6 2. c4 d5 3. e3 Nf6 4. Nc3 e6 5. Nf3 Be7 6. Bd3 0-0 7. 0-0 Nbd7 8. Qc2 b6 9. Rd1 Bb7 10. b3 Qc7 11. Bb2 Rac8 12. Rac1 Rfd8 13. Qb1 Qb8 14. h3 h6 15. cxd5 cxd5 16. Ne2 Bd6 17. Rxc8 Rxc8 18. Rc1 Rxc1+ 19. Qxc1 Qc7 20. Qxc7 Bxc7 21. Nc3 e5 22. dxe5 Nxe5 23. Nxe5 Bxe5 24. f4 Bb8 25. Kf1 Nd7 26. Ne2 Nc5 27. Bc2 Ba6 28. Ke1 Ne4 29. Nd4 Bb7 30. Bd3 Kf8 31. Bb5 a6 32. Bc6 Bxc6 33. Nxc6 Bd6 34. Bd4 Bc5 35. Bxc5+ bxc5 36. Nb8 a5 37. a4 c4 38. bxc4 dxc4 39. Nc6 Nc3 40. Nxa5 Nxa4 41. Nxc4 Nc5 42. Kd2 Ke7 43. Kc3 f5 44. Kd4 Ne4 45. Ke5 g6 46. Nb6 Nd6 47. Nd5+ Kd7 48. Kf6 Nc4 49. Kxg6 Kd6 50. Nf6 Nxe3 51. g3 Ke6 52. Nh5 Nd5 53. Ng7+ Kd7 54. Nxf5 Ne7+ 55. Nxe7 Kxe7 56. Kg7 1-0

[Event "Agadir zt 4.1 (Women)"]
[Site "Agadir"]
[Date "2016.05.25"]
[Round "3"]
[White "Ibrahimi, F Zohra"]
[Black "Aattar, Ikram"]
[Result "1/2-1/2"]
[WhiteElo "1455"]
[BlackElo "1345"]
[PlyCount "94"]
[EventDate "2016.05.24"]
[EventType "swiss"]
[EventRounds "9"]
[EventCountry "MAR"]
[SourceTitle "CBM 172 Extra"]
[Source "ChessBase"]
[SourceDate "2016.06.21"]
[SourceVersion "1"]
[SourceVersionDate "2016.06.21"]
[SourceQuality "1"]

1. e4 e5 2. Nf3 Nc6 3. Bc4 Bc5 4. c3 Nf6 5. d3 d6 6. Bb3 h6 7. Nbd2 a6 8. h3 b5 9. Bc2 Bb7 10. Nf1 0-0 11. Be3 Ba7 12. Bxa7 Rxa7 13. Ne3 Ne7 14. 0-0 Re8 15. Bb3 Ra8 16. Nh4 d5 17. exd5 Nexd5 18. d4 exd4 19. Qxd4 Nxe3 20. fxe3 Qxd4 21. exd4 Nd5 22. Rf5 Rad8 23. Bxd5 Rxd5 24. Rxd5 Bxd5 25. a3 Re2 26. a4 Rxb2 27. axb5 axb5 28. Rc1 g5 29. Nf3 Bxf3 30. gxf3 f5 31. c4 Kg7 32. cxb5 Rxb5 33. Rxc7+ Kg6 34. Rc6+ Kh5 35. Rc2 Rd5 36. Rd2 g4 37. fxg4+ fxg4 38. hxg4+ Kxg4 39. Kg2 Kf4 40. Kf1 Ke4 41. Re2+ Kxd4 42. Rd2+ Ke4 43. Rxd5 Kxd5 44. Kg2 Ke6 45. Kh3 Kf7 46. Kh4 Kg8 47. Kh5 Kh7 1/2-1/2